World Atlas & Encyclopedia (Record no. 39830)
[ view plain ]
| 000 -LEADER | |
|---|---|
| fixed length control field | 003000000a22001330004500 |
| 003 - CONTROL NUMBER IDENTIFIER | |
| control field | MACL |
| 040 ## - CATALOGING SOURCE | |
| Original cataloging agency | MACL |
| 090 ## - LOCALLY ASSIGNED LC-TYPE CALL NUMBER (OCLC); LOCAL CALL NUMBER (RLIN) | |
| -- | 40264 |
| -- | 40262 |
| 100 ## - MAIN ENTRY--PERSONAL NAME | |
| Personal name | George Philip Ltd |
| 245 ## - TITLE STATEMENT | |
| Title | World Atlas & Encyclopedia |
| 260 ## - PUBLICATION, DISTRIBUTION, ETC. (IMPRINT) | |
| Name of publisher, distributor, etc. | George Philip Ltd |
| Date of publication, distribution, etc. | 1999 |
| 650 ## - SUBJECT ADDED ENTRY--TOPICAL TERM | |
| Topical term or geographic name as entry element | Geography & Travel |
| 942 ## - ADDED ENTRY ELEMENTS (KOHA) | |
| Koha item type | |
| Call number prefix | 030 |
| Withdrawn status | Lost status | Damaged status | Not for loan | Home library | Current library | Date acquired | Total Checkouts | Full call number | Barcode | Date last seen | Uniform Resource Identifier | Price effective from | Koha item type |
|---|---|---|---|---|---|---|---|---|---|---|---|---|---|
| MACL | MACL | 15/04/2015 | 030 RBKS | CRB3063 | 29/04/2015 | 40068 | 15/04/2015 | Books |









